Statistics for Previous NBA Arenas

Click here to take the quiz!

General Stats

  • This quiz has been taken 19 times
    (6 since last reset)
  • The average score is 11 of 30

Answer Stats

Eastern ConferenceYearsAnswer% Correct
Boston Celtics1946-1995Boston Garden
80%
Los Angeles Lakers1967-1999Great Western Forum
80%
San Antonio Spurs1993-2002Alamodome
60%
Orlando Magic1989-2010Amway Arena
60%
Chicago Bulls1967-1994Chicago Stadium
60%
Oklahoma City Thunder1995-2007KeyArena at Seattle Center
60%
Memphis Grizzlies2001-2004Pyramid Arena
60%
New Orleans Pelicans2002-Smoothie King Center
60%
Cleveland Cavaliers1974-1994Coliseum at Richfield
40%
Houston Rockets1975-2003Compaq Center
40%
New York Knicks1946-1968Madison Square Garden
40%
Indiana Pacers1974-1999Market Square Arena
40%
Milwaukee Bucks1968-1988MECCA Arena
40%
Golden State Warriors1971-2019Oracle Arena
40%
Toronto Raptors1995-1999SkyDome
40%
Detroit Pistons1988-2017The Palace of Auburn Hills
40%
Philadelphia 76ers1967-1996Wachovia Spectrum
40%
Charlotte Hornets2004-2005Charlotte Coliseum
20%
Atlanta Hawks1997-1999Georgia Dome/Alexander Memorial Coliseum at McDonald's Center
20%
Minnesota Timberwolves1989-1990Hubert H. Humphrey Metrodome
20%
Los Angeles Clippers1984-1999Los Angeles Memorial Sports Arena
20%
Denver Nuggets1975-1999McNichols Sports Arena
20%
Miami Heat1988-1999Miami Arena
20%
Dallas Mavericks1980-2001Reunion Arena
20%
Utah Jazz1979-1991Salt Palace Acord Arena
20%
Washington Wizards1973-1997US Airways Arena
20%
Portland TrailBlazers1970-1995Veterans Memorial Coliseum
20%
Phoenix Suns1968-1992Arizona Veterans Memorial Coliseum
0%
Brooklyn Nets2010-2012Prudential Center
0%
Sacramento Kings1988-2016Sleep Train Arena
0%

Score Distribution

Percentile by Number Answered

Percent of People with Each Score

Your Score History

You have not taken this quiz since the last reset